Statistics for English Premiership Rugby Teams 2021-2022

Click here to take the quiz!

General Stats

  • This quiz has been taken 174 times
  • The average score is 11 of 13

Answer Stats

Answer% Correct
Saracens
91%
Harlequins
90%
London Irish
90%
Exeter Chiefs
89%
Bath
88%
Leicester Tigers
88%
Wasps
88%
Northampton Saints
85%
Bristol Bears
83%
Sale Sharks
82%
Gloucester
77%
Newcastle Falcons
77%
Worcester Warriors
75%

Score Distribution

Percentile by Number Answered

Percent of People with Each Score

Your Score History

You have not taken this quiz